Electromagnetism: Lectures on theoretical physics, V2 (Record no. 397134)

MARC details
000 -LEADER
fixed length control field 00509 a2200193 4500
005 - DATE & TIME
control field 20260407144659.0
008 - FIXED-LENGTH DATA ELEMENTS--GENERAL INFORMATION
fixed length control field 260407b |||||||| |||| 00| 0 eng d
020 ## - ISBN
International Standard Book Number 9781009594653
Price £ 27.99
040 ## - CATALOGING SOURCE
Original cataloging agency VIVEKANANDA LIBRARY
082 ## - DDC NUMBER
Classification number 537
Book Number T613E
100 ## - MAIN ENTRY--PERSONAL NAME
Personal name Tong, David
245 ## - TITLE STATEMENT
Title Electromagnetism: Lectures on theoretical physics, V2
260 ## - PUBLICATION, DISTRIBUTION, ETC. (IMPRINT)
Name of publisher, distributor, etc Cambridge University Press
Date of publication, distribution, etc 2025
Place of publication, distribution, etc New York
300 ## - PHYSICAL DESCRIPTION
Pages xii, 437
650 ## - Subject
Subject Physics
650 ## - Subject
Subject Electricity
650 ## - Subject
Subject Electronics
942 ## - ADDED ENTRY ELEMENTS (KOHA)
Koha item type Books
Holdings
Withdrawn status Lost status Source of classification or shelving scheme Damaged status Not for loan Location (home branch) Sublocation or collection (holding branch) Shelving location Date acquired Koha issues (times borrowed) Koha full call number Accession No. Koha date last seen Koha item type
    Dewey Decimal Classification     VIVEKANANDA LIBRARY VIVEKANANDA LIBRARY UIET Library 12/03/2026   537 T613E 431077 12/03/2026 Books
© Designed and Maintained by Vivekananda Library, MDU Rohtak